Statystyki dla F1 QUIZ

Kliknij tutaj aby rozwiązać quiz!

Ogólne statystyki

  • Ten quiz został rozwiązany 199 razy
  • Średni wynik to 9 z 11

Statystyki odpowiedzi

HintOdpowiedź% Poprawnych
Ile wygranych wyścigów ma George Russell1
99%
Posiada 7 tytułów mistrza świataHamilton | Schumacher
99%
Przez ile sezonów Orlen był sponsorem w Alfie Romeo3
97%
Ile wyścigów miał sezon 202017
92%
W którym roku Max Verstappen wygrał swój pierwszy wyścig w F12016
92%
Kto wygrał 1000- czny wyścig F1Hamilton
92%
Kto jest zarządcą w zespole MercedesaToto Wolf
90%
Z którego kraju pochodzi Alex AlbonTajlandia
84%
W którym roku odbył się pierwszy wyścig F11950
81%
Jakie zespoły dołączyły do stawki F1 w 2021Alpine | Aston Martin
79%
Co dostają kierowcy za ukończenie Sprintu za Top 3medale
16%

Rozkład punktacji

Percentyl według liczby udzielonych odpowiedzi

Procent ludzi z każdym wynikiem

Twoja historia wyników

Nie rozwiązałeś tego quizu